[Event "ROM-chT2"]
[Site "Mamaia"]
[Date "2015.10.06"]
[Round "4.6"]
[White "Padurean, Daniel Cristian"]
[Black "Salgau, Eusebiu"]
[Result "1-0"]
[WhiteElo "1812"]
[BlackElo "1614"]
[PlyCount "89"]
[EventDate "2015.10.03"]
[EventType "team-tourn"]
[EventRounds "9"]
[EventCountry "ROU"]
[SourceTitle "CBM 169 Extra"]
[Source "ChessBase"]
[SourceDate "2015.12.18"]
[SourceVersion "1"]
[SourceVersionDate "2015.12.18"]
[SourceQuality "1"]
[WhiteTeam "Resita Muncitorul"]
[BlackTeam "Bistrita"]
[WhiteTeamCountry "ROU"]
[BlackTeamCountry "ROU"]

1. e4 Nf6 2. Nc3 e5 3. Nf3 Nc6 4. a3 a6 5. d4 exd4 6. Nxd4 d6 7. Be2 Be7 8. 0-0 0-0 9. Be3 Re8 10. Qd2 h6 11. f4 Bf8 12. Bf3 Nxd4 13. Qxd4 c6 14. Rad1 Qc7 15. f5 Nd7 16. Bf4 Ne5 17. Kh1 b5 18. g4 g6 19. Qe3 g5 20. Bg3 f6 21. h4 Re7 22. hxg5 hxg5 23. Kg2 Rh7 24. Rh1 Rxh1 25. Rxh1 Ra7 26. Bf2 Rb7 27. Be2 Qg7 28. a4 Be7 29. axb5 axb5 30. Bg3 Qf8 31. Na2 Bd8 32. Bxe5 dxe5 33. Qh3 Qg7 34. c4 c5 35. cxb5 Rd7 36. Bc4+ Kf8 37. Bd5 Bb7 38. Nc3 Ba5 39. Bxb7 Rxb7 40. Qe3 Bb6 41. Nd5 Bd8 42. Qxc5+ Kg8 43. Qc8 Rd7 44. b6 Kf8 45. b7 1-0